000 00487nam a2200145 a 4500
001 ASINB004KP50TM
005 20140612024704.0
008 140612s1997 xxu eng d
100 1 _aLay, David.
245 1 0 _aLinear algebra and its applications 2nd edition standard 1997 by david C. lay /
_cDavid Lay.
300 _a1 v. (unpaged) ;
_c24 cm.
490 1 _aSecond ed.
830 0 _aSecond ed.
856 4 0 _3Amazon.com
_uhttp://www.amazon.com/exec/obidos/ASIN/B004KP50TM/chopaconline-20
999 _c6261
_d6261